[Event "9. LGA Premium Cup 2012"]
[Site "Nürnberg"]
[Date "2012.09.08"]
[Round "5.43"]
[White "Hörmann, Gunther"]
[Black "Carow, Johannes"]
[Result "1/2-1/2"]
[WhiteElo "2080"]
[BlackElo "2245"]
[PlyCount "70"]
[EventDate "2012.??.??"]
[WhiteTeam "TSV Cadolzburg e.V."]
[BlackTeam "Sfr.Heidesheim"]

1. e4 c5 2. Nc3 a6 3. g3 b5 4. Bg2 Bb7 5. d3 e6 6. Nh3 d6 7. O-O Nf6 8. Ne2 Be7
9. a4 O-O 10. axb5 axb5 11. Rxa8 Bxa8 12. b3 Nc6 13. Bb2 b4 14. c4 bxc3 15.
Bxc3 d5 16. exd5 Nxd5 17. Bb2 Ndb4 18. Qa1 f6 19. Nhf4 Qd6 20. d4 cxd4 21. Nxd4
Nxd4 22. Bxa8 Nxb3 23. Qa3 Nc5 24. Bf3 Qb6 25. Bd4 e5 26. Nd5 Nxd5 27. Bxd5+
Kh8 28. Be3 Rd8 29. Bf3 Qb3 30. Bxc5 Qxa3 31. Bxa3 Bxa3 32. Ra1 Rd3 33. Rd1 e4
34. Be2 Rxd1+ 35. Bxd1 f5 1/2-1/2

[Event "9. LGA Premium Cup 2012"]
[Site "Nürnberg"]
[Date "2012.09.08"]
[Round "5.44"]
[White "Koch, Moritz"]
[Black "Kotz, Reinhard"]
[Result "1-0"]
[WhiteElo "2261"]
[BlackElo "2153"]
[PlyCount "71"]
[EventDate "2012.??.??"]
[WhiteTeam "SV Puschendorf 1949 e.V."]
[BlackTeam "SV Puschendorf 1949 e.V."]

1. Nf3 Nc6 2. c4 e5 3. e3 Nf6 4. Nc3 h6 5. Qc2 Be7 6. Be2 O-O 7. O-O d5 8. cxd5
Nxd5 9. a3 Be6 10. b4 a6 11. Bb2 Nxc3 12. Bxc3 f6 13. Rab1 Qd7 14. a4 Bf5 15.
d3 Rfd8 16. Rfd1 a5 17. bxa5 Nxa5 18. e4 Bg6 19. d4 exd4 20. Rxd4 Bd6 21. Bxa5
Rxa5 22. Rxb7 Qe7 23. Qd2 Rc5 24. Qe3 Re8 25. Bd3 Kh7 26. g3 Rc3 27. e5 Rxd3
28. Rxd3 fxe5 29. Rc3 Ra8 30. Ra7 Rf8 31. Nh4 Bf7 32. Nf5 Qf6 33. Nxd6 cxd6 34.
Qf3 Qg6 35. Rcc7 Qb1+ 36. Kg2 1-0

[Event "9. LGA Premium Cup 2012"]
[Site "Nürnberg"]
[Date "2012.09.08"]
[Round "5.46"]
[White "Mons, Leon"]
[Black "Schatz, Christian"]
[Result "1-0"]
[WhiteElo "2338"]
[BlackElo "2222"]
[PlyCount "80"]
[EventDate "2012.??.??"]
[WhiteTeam "SC Forchheim e.V."]
[BlackTeam "Schachzentrum Fürth 2002"]

1. e4 Nf6 2. e5 Nd5 3. d4 d6 4. c4 Nb6 5. f4 dxe5 6. fxe5 Nc6 7. Be3 Bf5 8. Nc3
e6 9. Nf3 Bg4 10. Be2 Bxf3 11. gxf3 Qh4+ 12. Bf2 Qf4 13. c5 Nd7 14. Qd2 Qxd2+
15. Kxd2 O-O-O 16. Kc2 b6 17. cxb6 Nxb6 18. Rad1 Nb4+ 19. Kb1 Be7 20. a3 N4d5
21. Ba6+ Kb8 22. Ne4 Ka8 23. Rd3 Rb8 24. Bb5 a5 25. Rc1 Rhc8 26. Ka1 Nf4 27.
Rb3 Ka7 28. Rc6 Nfd5 29. Ka2 Bd8 30. Rc5 Be7 31. Rc1 Nf4 32. Rc6 Nfd5 33. Nc3
Rb7 34. Nxd5 exd5 35. f4 g6 36. Rf3 Rg8 37. Be1 a4 38. Bg3 Bd8 39. Rfc3 Kb8 40.
Ba6 Nc4 1-0

[Event "9. LGA Premium Cup 2012"]
[Site "Nürnberg"]
[Date "2012.09.08"]
[Round "5.47"]
[White "Kvetny, Mark"]
[Black "Krah, Michael"]
[Result "1-0"]
[WhiteElo "2245"]
[BlackElo "2091"]
[PlyCount "69"]
[EventDate "2012.??.??"]
[WhiteTeam "Stuttgarter SF 1879"]
[BlackTeam "SV Alsfeld"]

1. d4 d6 2. Nf3 Nf6 3. c4 Nbd7 4. Nc3 e5 5. e4 Be7 6. Be2 O-O 7. O-O c6 8. Be3
Qc7 9. d5 c5 10. Ne1 Re8 11. Nd3 Nf8 12. b4 b6 13. Rb1 Bd7 14. Qd2 Ng6 15. f3
h6 16. g3 Nh7 17. Kh1 f5 18. exf5 Bxf5 19. Ne4 Bxe4 20. fxe4 Rf8 21. Bh5 Nh8
22. Bg4 Nf7 23. Be6 Bg5 24. h4 Bxe3 25. Qxe3 Kh8 26. Qe2 g6 27. h5 g5 28. Qb2
cxb4 29. Qxb4 Nd8 30. Nxe5 Nxe6 31. Ng6+ Kg8 32. dxe6 Rxf1+ 33. Rxf1 Nf8 34.
Rf7 Qc6 35. Ne7+ 1-0

[Event "9. LGA Premium Cup 2012"]
[Site "Nürnberg"]
[Date "2012.09.08"]
[Round "5.49"]
[White "Bartsch, Berthold"]
[Black "Steinmüller, Alexander"]
[Result "1-0"]
[WhiteElo "2249"]
[BlackElo "2068"]
[PlyCount "41"]
[EventDate "2012.??.??"]
[WhiteTeam "SC Forchheim e.V."]
[BlackTeam "SV Puschendorf 1949 e.V."]

1. Nf3 Nf6 2. g3 g6 3. Bg2 Bg7 4. Nc3 O-O 5. O-O d6 6. d4 Nbd7 7. e4 c5 8. e5
Ne8 9. exd6 Nxd6 10. Re1 Re8 11. dxc5 Nxc5 12. Be3 Nd7 13. Bd4 Nf6 14. Bc5 Bg4
15. h3 Bxf3 16. Qxf3 Qc7 17. Bd4 Qc4 18. Rad1 Nb5 19. Nxb5 Qxb5 20. Qxb7 Qc4
21. Qb3 1-0

[Event "9. LGA Premium Cup 2012"]
[Site "Nürnberg"]
[Date "2012.09.08"]
[Round "5.50"]
[White "Göbel, Constantin"]
[Black "Stein, Tobias"]
[Result "1-0"]
[WhiteElo "2231"]
[BlackElo "2036"]
[PlyCount "79"]
[EventDate "2012.??.??"]
[WhiteTeam "TSV Schott Mainz"]
[BlackTeam "SV Alsfeld"]

1. e4 c5 2. Nf3 d6 3. d4 cxd4 4. Nxd4 Nf6 5. Nc3 a6 6. Bg5 e6 7. f4 Qc7 8. Qf3
b5 9. O-O-O b4 10. Nce2 Nbd7 11. Ng3 Bb7 12. Bd3 Rc8 13. Rhe1 Be7 14. Qe2 Nc5
15. Kb1 Na4 16. Bxa6 O-O 17. Bb5 Ra8 18. Nb3 Rfc8 19. Rd4 d5 20. e5 Bc5 21. Rd2
Nd7 22. Ne4 Bf8 23. Rd3 Nac5 24. Nbxc5 Bxc5 25. Qh5 Bf8 26. Re2 Qa5 27. Bxd7
Qxa2+ 28. Kc1 Qa1+ 29. Kd2 Qxb2 30. Bxc8 Rxc8 31. Nd6 Bxd6 32. exd6 Qxc2+ 33.
Ke1 Qxd3 34. d7 Rc1+ 35. Kf2 Qd4+ 36. Kg3 Rc3+ 37. Kh4 h6 38. d8=Q+ Kh7 39.
Bxh6 g6 40. Bg7+ 1-0

[Event "9. LGA Premium Cup 2012"]
[Site "Nürnberg"]
[Date "2012.09.08"]
[Round "5.51"]
[White "Kahlert, Thomas"]
[Black "Roß, Thomas"]
[Result "1-0"]
[WhiteElo "2229"]
[BlackElo "2035"]
[PlyCount "121"]
[EventDate "2012.??.??"]
[WhiteTeam "SK Norderstedt von 1975"]
[BlackTeam "SG Büchenbach/Roth e.V."]

1. c4 d6 2. Nc3 e5 3. Nf3 f5 4. d4 e4 5. Ng5 Be7 6. Nh3 Be6 7. d5 Bf7 8. g3 Bf6
9. Bg2 Nd7 10. O-O Bxc3 11. bxc3 Ngf6 12. f3 O-O 13. Ng5 h6 14. Nxf7 Rxf7 15.
Bh3 exf3 16. Bxf5 fxe2 17. Qxe2 Rf8 18. Be3 Nc5 19. Rae1 b6 20. Bd4 Nh7 21. Qc2
Nf6 22. Be6+ Kh8 23. Bh3 Nfd7 24. Rxf8+ Qxf8 25. Qg6 Ne5 26. Bxe5 dxe5 27. Bf5
Qg8 28. Rxe5 Rf8 29. g4 Nb7 30. Bd3 Nd6 31. Rh5 Rf6 32. Rxh6+ gxh6 33. Qxf6+
Qg7 34. Qd8+ Qg8 35. Qxg8+ Kxg8 36. Kf2 Kg7 37. Ke3 Kf6 38. Kf4 Ne8 39. h4 Ng7
40. g5+ hxg5+ 41. hxg5+ Ke7 42. Ke5 Ne8 43. Be2 Nd6 44. g6 Ne8 45. Bg4 Ng7 46.
Be2 a5 47. Bd1 Ne8 48. Ba4 Ng7 49. d6+ cxd6+ 50. Kd5 Ne6 51. Kc6 Nc5 52. Bb5
Ne4 53. Kxb6 Nxc3 54. a3 a4 55. Ka5 d5 56. cxd5 Nxd5 57. Bc4 Ne3 58. Bd3 Nd1
59. Bc2 Ne3 60. Bxa4 Nc4+ 61. Kb4 1-0

[Event "9. LGA Premium Cup 2012"]
[Site "Nürnberg"]
[Date "2012.09.08"]
[Round "5.53"]
[White "Kordts, Wolfgang"]
[Black "Frey, Alisa"]
[Result "1/2-1/2"]
[WhiteElo "2207"]
[BlackElo "2005"]
[PlyCount "33"]
[EventDate "2012.??.??"]
[WhiteTeam "SW Nürnberg Süd e.V."]
[BlackTeam "SC Eppingen"]

1. d4 Nf6 2. c4 g6 3. f3 d5 4. cxd5 Nxd5 5. e4 Nb6 6. Nc3 Bg7 7. Be3 O-O 8. Qd2
f5 9. e5 Be6 10. Nh3 Nc4 11. Bxc4 Bxc4 12. Nf4 Qd7 13. b3 Bf7 14. h4 c5 15.
dxc5 Qxd2+ 16. Bxd2 Bxe5 17. Rc1 1/2-1/2

[Event "9. LGA Premium Cup 2012"]
[Site "Nürnberg"]
[Date "2012.09.08"]
[Round "5.54"]
[White "Stabernack, Joschi"]
[Black "Seibold, Hubert"]
[Result "1/2-1/2"]
[WhiteElo "1970"]
[BlackElo "2195"]
[PlyCount "77"]
[EventDate "2012.??.??"]
[WhiteTeam "Kasseler SK 1876"]
[BlackTeam "SK Zirndorf e.V."]

1. e4 c5 2. Nf3 Nc6 3. d4 cxd4 4. Nxd4 g6 5. c4 Bg7 6. Be3 Nf6 7. Nc3 d6 8. Be2
O-O 9. O-O Bd7 10. Kh1 Nxd4 11. Bxd4 Bc6 12. f3 a5 13. Nd5 Nd7 14. Bxg7 Kxg7
15. Qd4+ Kg8 16. b3 Rb8 17. Rfc1 Nc5 18. e5 Ne6 19. Qe3 b5 20. exd6 Qxd6 21.
Rd1 Bxd5 22. Rxd5 Qf4 23. Re5 Qxe3 24. Rxe3 b4 25. g3 Rfc8 26. f4 Kf8 27. Bg4
Rc6 28. Bxe6 Rxe6 29. Rxe6 fxe6 30. Rd1 Ke8 31. Kg2 Ra8 32. Kf3 a4 33. Ke4 axb3
34. axb3 Ra2 35. h4 Rc2 36. Rd3 h5 37. Kd4 Kf7 38. Kc5 Rc3 39. Kd4 1/2-1/2

[Event "9. LGA Premium Cup 2012"]
[Site "Nürnberg"]
[Date "2012.09.08"]
[Round "5.55"]
[White "Dehlinger, Alexander"]
[Black "Holzmayr, Norbert"]
[Result "1-0"]
[WhiteElo "2177"]
[BlackElo "1823"]
[PlyCount "49"]
[EventDate "2012.??.??"]
[WhiteTeam "SC Garching 1980 e.V."]
[BlackTeam "SV Ilmmünster"]

1. Nf3 Nf6 2. c4 g6 3. g3 Bg7 4. Bg2 c6 5. d4 d6 6. O-O Qc7 7. Nc3 O-O 8. e4
Nbd7 9. h3 a6 10. Re1 e5 11. Be3 b5 12. dxe5 Nxe5 13. Nxe5 dxe5 14. Qc2 bxc4
15. Na4 Be6 16. Nc5 Qc8 17. Nxe6 Qxe6 18. Rec1 Rfd8 19. Kh2 Rab8 20. Rab1 c3
21. b3 Bf8 22. Qxc3 Ba3 23. Rd1 c5 24. Rxd8+ Rxd8 25. Qa5 1-0

[Event "9. LGA Premium Cup 2012"]
[Site "Nürnberg"]
[Date "2012.09.08"]
[Round "5.56"]
[White "Luther, Helmut"]
[Black "Nuding, Matthias"]
[Result "0-1"]
[WhiteElo "2017"]
[BlackElo "2182"]
[PlyCount "37"]
[EventDate "2012.??.??"]
[WhiteTeam "SW Nürnberg Süd e.V."]
[BlackTeam "SC Noris-Tarrasch Nürnberg 1873"]

1. d4 d6 2. g3 e5 3. dxe5 dxe5 4. Qxd8+ Kxd8 5. Bg2 c6 6. Nf3 f6 7. O-O Be6 8.
c3 Nd7 9. b4 a5 10. bxa5 Rxa5 11. a3 Ne7 12. e4 Nc8 13. Rd1 Kc7 14. Nfd2 b5 15.
Bf1 Ncb6 16. Bd3 Nc5 17. Bc2 Be7 18. Kg2 Rd8 19. Nf1 0-1

[Event "9. LGA Premium Cup 2012"]
[Site "Nürnberg"]
[Date "2012.09.08"]
[Round "5.57"]
[White "Martin, Stefan"]
[Black "Renner, Gabriele"]
[Result "1-0"]
[WhiteElo "2166"]
[BlackElo "1946"]
[PlyCount "99"]
[EventDate "2012.??.??"]
[WhiteTeam "SC 1934 Viernheim"]
[BlackTeam "FC Bayern München e.V."]

1. d4 d5 2. c4 e6 3. Nc3 Nf6 4. Bg5 Nbd7 5. e3 Be7 6. Nf3 O-O 7. Rc1 a6 8. c5
c6 9. Bd3 Nh5 10. Bxe7 Qxe7 11. Ne5 g6 12. Nxd7 Bxd7 13. Be2 Ng7 14. Qb3 Rab8
15. f4 Nf5 16. Nd1 f6 17. g4 Ng7 18. O-O e5 19. fxe5 fxe5 20. Rxf8+ Rxf8 21.
dxe5 Qh4 22. Qb4 a5 23. Qd2 Bxg4 24. Bxg4 Qxg4+ 25. Qg2 Qb4 26. Rc3 Nf5 27. a3
Qh4 28. Nf2 d4 29. exd4 Nxd4 30. Re3 Nf5 31. Re4 Qe7 32. b4 axb4 33. axb4 Ra8
34. Qg4 Ra1+ 35. Kg2 Ra3 36. Qf4 Qe6 37. Qg5 Ra8 38. Qd2 Qe7 39. e6 Rd8 40. Qf4
Rd5 41. h3 Kg7 42. Ng4 Nh4+ 43. Kh2 Nf5 44. Qc1 Qc7+ 45. Kh1 Ng3+ 46. Kg2 Nf5
47. Qc3+ Rd4 48. Rxd4 Kf8 49. Rd7 Nh4+ 50. Kh1 1-0

[Event "9. LGA Premium Cup 2012"]
[Site "Nürnberg"]
[Date "2012.09.08"]
[Round "5.58"]
[White "Liepold, Stefan"]
[Black "Hartmann, Thomas"]
[Result "1-0"]
[WhiteElo "2161"]
[BlackElo "2005"]
[PlyCount "75"]
[EventDate "2012.??.??"]
[WhiteTeam "SC Erlangen 48/88 e.V."]
[BlackTeam "SC Weisse Dame Ulm e.V."]

1. e4 d5 2. exd5 Nf6 3. Bb5+ Bd7 4. Be2 Nxd5 5. d4 Bf5 6. Nf3 e6 7. O-O Be7 8.
c4 Nb4 9. Na3 O-O 10. Be3 c6 11. Qd2 N8a6 12. Rfd1 Qc8 13. Bg5 Bxg5 14. Qxg5 h6
15. Qd2 Rd8 16. c5 b5 17. cxb6 axb6 18. Nc4 Nd5 19. Rac1 Qb7 20. Nfe5 c5 21.
Bf3 f6 22. Ng4 Qe7 23. Nge3 Nxe3 24. Qxe3 Rab8 25. d5 b5 26. Na5 e5 27. Nc6 Qd6
28. Nxb8 Rxb8 29. Be4 Bxe4 30. Qxe4 c4 31. Qe1 Nb4 32. Qe4 Na6 33. b3 Nb4 34.
bxc4 Nxa2 35. c5 Qf8 36. Rc2 Ra8 37. d6 b4 38. Qd5+ 1-0

[Event "9. LGA Premium Cup 2012"]
[Site "Nürnberg"]
[Date "2012.09.08"]
[Round "5.59"]
[White "Osmanovic, Faruk"]
[Black "Stein, Marco"]
[Result "1/2-1/2"]
[WhiteElo "2006"]
[BlackElo "2149"]
[PlyCount "119"]
[EventDate "2012.??.??"]
[WhiteTeam "SC Blauer Turm Bad Wimpfen"]
[BlackTeam "SK Marktoberdorf"]

1. e4 c5 2. Nf3 d6 3. d4 cxd4 4. Nxd4 Nf6 5. Nc3 g6 6. Be2 Bg7 7. Be3 O-O 8.
Qd2 Nc6 9. O-O d5 10. exd5 Nxd5 11. Nxc6 bxc6 12. Rfd1 Qc7 13. Nxd5 cxd5 14.
Qxd5 Be6 15. Qc5 Qxc5 16. Bxc5 Rfc8 17. Bf3 Rab8 18. Bxa7 Rxb2 19. Be4 Rxa2 20.
Rxa2 Bxa2 21. g4 Be6 22. g5 Be5 23. Kg2 Rc4 24. f3 f6 25. Bf2 fxg5 26. Bd3 Rc6
27. Re1 Bc3 28. Re3 Kf7 29. Be4 Rc8 30. Be1 Bxe1 31. Rxe1 Bf5 32. Re2 Bxe4 33.
fxe4 Rc3 34. Kf2 Ke6 35. Ke1 Ke5 36. Kd2 Rc4 37. Kd3 Rd4+ 38. Kc3 g4 39. Kb3 h5
40. c4 Kd6 41. Kb4 Kc6 42. e5 e6 43. Ra2 Kb6 44. Rf2 Re4 45. Rf6 Rxe5 46. Rxg6
Re2 47. Rh6 Rb2+ 48. Kc3 Rxh2 49. Rxe6+ Kc5 50. Re5+ Kd6 51. Rg5 Ke6 52. c5 Rh1
53. Kd2 Rh3 54. Ke2 g3 55. Kf1 h4 56. Kg2 Rh2+ 57. Kf3 Kf6 58. Rg8 Rc2 59. Kg4
Rxc5 60. Kxh4 1/2-1/2

[Event "9. LGA Premium Cup 2012"]
[Site "Nürnberg"]
[Date "2012.09.08"]
[Round "5.60"]
[White "Pfadenhauer, Johannes"]
[Black "Lodes, Hermann"]
[Result "0-1"]
[WhiteElo "1877"]
[BlackElo "2132"]
[PlyCount "46"]
[EventDate "2012.??.??"]
[WhiteTeam "Kronacher SK 1882 e.V."]
[BlackTeam "SF Burgsinn"]

1. d4 d5 2. c4 c6 3. Nf3 Nf6 4. Nc3 e6 5. Bg5 h6 6. Bf4 dxc4 7. a4 Bb4 8. Qc2
a6 9. e4 b5 10. Be2 Bb7 11. O-O Bxc3 12. bxc3 O-O 13. Ne5 c5 14. Bf3 cxd4 15.
cxd4 Qxd4 16. Rad1 Qb6 17. Nxc4 bxc4 18. Rb1 Qc6 19. e5 Nd5 20. Qc1 f5 21. Bxh6
f4 22. Qc2 Rf5 23. Rxb7 Qxb7 0-1

[Event "9. LGA Premium Cup 2012"]
[Site "Nürnberg"]
[Date "2012.09.08"]
[Round "5.61"]
[White "Schlötterer, Hermann"]
[Black "Shiomi, Ryo"]
[Result "1/2-1/2"]
[WhiteElo "1933"]
[BlackElo "2122"]
[PlyCount "78"]
[EventDate "2012.??.??"]
[WhiteTeam "Spvg Zabo-Eintracht Nürnberg e.V"]
[BlackTeam "JPN"]

1. d4 d5 2. g3 e6 3. Bg2 c5 4. Nf3 Nc6 5. O-O Nf6 6. c4 Be7 7. Nc3 O-O 8. cxd5
exd5 9. Bg5 c4 10. Rc1 h6 11. Bf4 Bf5 12. Ne5 Rc8 13. Nxc6 Rxc6 14. Be5 Be6 15.
h3 Bb4 16. a3 Ba5 17. g4 Ne4 18. Qc2 Rb6 19. Rb1 Bxc3 20. bxc3 Qh4 21. Bxe4
dxe4 22. Rxb6 axb6 23. Qxe4 Qxh3 24. f3 f5 25. Qxb7 Rf7 26. Qxb6 Bd7 27. Qd8+
Kh7 28. g5 f4 29. d5 Qg3+ 30. Kh1 Qh3+ 31. Kg1 Rf5 32. Bf6 Qg3+ 33. Kh1 hxg5
34. Bxg7 Qh3+ 35. Kg1 Qg3+ 36. Kh1 Qh4+ 37. Kg1 Qg3+ 38. Kh1 Qh3+ 39. Kg1 Qg3+
1/2-1/2

[Event "9. LGA Premium Cup 2012"]
[Site "Nürnberg"]
[Date "2012.09.08"]
[Round "5.62"]
[White "Hirschmann, Jakob"]
[Black "Karasek, Christian"]
[Result "1/2-1/2"]
[WhiteElo "1897"]
[BlackElo "2108"]
[PlyCount "33"]
[EventDate "2012.??.??"]
[WhiteTeam "SG Reil-Kinheim"]
[BlackTeam "SC Noris-Tarrasch Nürnberg 1873"]

1. e4 c5 2. Ne2 Nc6 3. g3 e6 4. Bg2 d5 5. exd5 exd5 6. d4 Nxd4 7. Nxd4 cxd4 8.
Qxd4 Be6 9. Nc3 Nf6 10. Bf4 Qa5 11. O-O Bc5 12. Qd3 O-O 13. Ne2 Qb6 14. Be5 Ne4
15. Bd4 Bf5 16. Bxc5 Qxc5 17. c3 1/2-1/2

[Event "9. LGA Premium Cup 2012"]
[Site "Nürnberg"]
[Date "2012.09.08"]
[Round "5.63"]
[White "Wolter, Jens"]
[Black "Rausch, Wolfgang sr"]
[Result "1-0"]
[WhiteElo "2102"]
[BlackElo "1875"]
[PlyCount "21"]
[EventDate "2012.??.??"]
[WhiteTeam "SC Garching 1980 e.V."]
[BlackTeam "SC Noris-Tarrasch Nürnberg 1873"]

1. e4 Nf6 2. e5 Nd5 3. d4 d6 4. c4 Nb6 5. exd6 exd6 6. Nc3 Be7 7. Qf3 Nc6 8.
Be3 Bf6 9. O-O-O O-O 10. h4 Qd7 11. c5 1-0

[Event "9. LGA Premium Cup 2012"]
[Site "Nürnberg"]
[Date "2012.09.08"]
[Round "5.64"]
[White "Troyke, Doreen"]
[Black "Neumann, Robert"]
[Result "1-0"]
[WhiteElo "2100"]
[BlackElo "1875"]
[PlyCount "89"]
[EventDate "2012.??.??"]
[WhiteTeam "Erfurter Schachklub"]
[BlackTeam "SC Noris-Tarrasch Nürnberg 1873"]

1. c4 Nf6 2. g3 g6 3. Bg2 c5 4. Nc3 Nc6 5. e3 Bg7 6. Nge2 O-O 7. O-O d6 8. d3
Bd7 9. h3 Rb8 10. Rb1 a6 11. b3 b5 12. Bb2 bxc4 13. dxc4 Qc8 14. Kh2 Ne8 15.
Qd2 Nc7 16. Rbd1 Nb4 17. Nf4 Re8 18. Nd3 Nxd3 19. Qxd3 Na8 20. Rd2 Nb6 21. Rfd1
Bc6 22. Nd5 Nxd5 23. Bxd5 Bxb2 24. Rxb2 Bxd5 25. Qxd5 Qb7 26. e4 Qxd5 27. Rxd5
f6 28. f4 Rb6 29. Rbd2 Rc8 30. g4 Kf7 31. Kg3 a5 32. e5 Rcc6 33. exf6 exf6 34.
f5 g5 35. Re2 Rb7 36. Re6 Rd7 37. Rd3 Ra6 38. Kf3 Rb6 39. Ke4 Ra6 40. Kd5 Rb6
41. h4 h6 42. hxg5 hxg5 43. Rh3 Kg7 44. Re8 Kf7 45. Reh8 1-0

[Event "9. LGA Premium Cup 2012"]
[Site "Nürnberg"]
[Date "2012.09.08"]
[Round "5.65"]
[White "Eber, Fabian"]
[Black "Pfadenhauer, Tobias"]
[Result "0-1"]
[WhiteElo "1986"]
[BlackElo "1801"]
[PlyCount "106"]
[EventDate "2012.??.??"]
[WhiteTeam "SF Wilhermsdorf e.V."]
[BlackTeam "Kronacher SK 1882 e.V."]

1. e4 e6 2. e5 d5 3. exd6 Bxd6 4. d4 Nf6 5. Nf3 Nbd7 6. Bg5 O-O 7. Nc3 b6 8.
Bd3 Bb7 9. Qd2 c5 10. Be4 Bxe4 11. Nxe4 Nxe4 12. Bxd8 Nxd2 13. Nxd2 Rfxd8 14.
Nc4 Be7 15. dxc5 Nxc5 16. Ke2 f6 17. Rhd1 Rxd1 18. Rxd1 Rd8 19. Rxd8+ Bxd8 20.
Nd6 a5 21. b3 Kf8 22. a3 Ke7 23. Nb5 Kd7 24. b4 axb4 25. axb4 Na6 26. c3 Nc7
27. Nd4 Nd5 28. Kd2 Bc7 29. g3 Be5 30. Ne2 f5 31. Kc2 Kc6 32. Kb3 Nxc3 33. Nxc3
Bxc3 34. Kxc3 Kd5 35. Kd3 e5 36. f3 e4+ 37. fxe4+ fxe4+ 38. Ke3 g5 39. h4 gxh4
40. gxh4 b5 41. h5 h6 42. Ke2 Kd4 43. Kd2 Kc4 44. Ke3 Kxb4 45. Kxe4 Kc4 46. Kf5
b4 47. Kg6 b3 48. Kxh6 b2 49. Kg7 b1=Q 50. h6 Qg1+ 51. Kf7 Qf2+ 52. Kg8 Qg3+
53. Kh8 Qe5+ 0-1

[Event "9. LGA Premium Cup 2012"]
[Site "Nürnberg"]
[Date "2012.09.08"]
[Round "5.67"]
[White "Mann, Johannes"]
[Black "Reimold, Jonas"]
[Result "1/2-1/2"]
[WhiteElo "1869"]
[BlackElo "2046"]
[PlyCount "40"]
[EventDate "2012.??.??"]
[WhiteTeam "SC Forchheim e.V."]
[BlackTeam "SC Eppingen"]

1. e4 e5 2. Nf3 Nf6 3. Nxe5 d6 4. Nf3 Nxe4 5. Nc3 Nxc3 6. dxc3 Be7 7. Bf4 Nc6
8. Qd2 Be6 9. O-O-O Qd7 10. Kb1 a6 11. Bd3 h6 12. Rhe1 O-O-O 13. Nd4 Nxd4 14.
cxd4 d5 15. Re3 Bd6 16. Bxd6 Qxd6 17. h3 Rde8 18. Rde1 Re7 19. Qe2 Rhe8 20. Qf3
Kd8 1/2-1/2

[Event "9. LGA Premium Cup 2012"]
[Site "Nürnberg"]
[Date "2012.09.08"]
[Round "5.68"]
[White "Klyszcz, Michael"]
[Black "Hirschberg, Leander"]
[Result "1-0"]
[WhiteElo "2023"]
[BlackElo "1726"]
[PlyCount "53"]
[EventDate "2012.??.??"]
[WhiteTeam "SG 1871 Löberitz"]
[BlackTeam "SV Pfinztal e. V."]

1. Nf3 d5 2. d4 Nf6 3. Bg5 e6 4. e3 Nbd7 5. Bd3 c6 6. Nbd2 Bd6 7. c3 O-O 8. Qc2
h6 9. Bh4 e5 10. dxe5 Nxe5 11. Nxe5 Bxe5 12. O-O-O b5 13. f4 Bd6 14. h3 Be7 15.
Nf3 a5 16. g4 Ne8 17. g5 h5 18. Ne5 Bb7 19. Bh7+ Kh8 20. g6 Bxh4 21. gxf7 Nf6
22. Ng6+ Kxh7 23. Nxf8+ Kh8 24. Ng6+ Kh7 25. Nxh4+ Kh8 26. Ng6+ Kh7 27. f8=Q
1-0

[Event "9. LGA Premium Cup 2012"]
[Site "Nürnberg"]
[Date "2012.09.08"]
[Round "5.69"]
[White "Krauseneck, Peter"]
[Black "Süß, Stefan"]
[Result "1-0"]
[WhiteElo "2212"]
[BlackElo "1971"]
[PlyCount "55"]
[EventDate "2012.??.??"]
[WhiteTeam "SC 1868 Bamberg"]
[BlackTeam "SC Noris-Tarrasch Nürnberg 1873"]

1. e4 c5 2. Nf3 e6 3. c3 b6 4. d4 Bb7 5. Bd3 d5 6. e5 Nd7 7. Ng5 g6 8. f4 Bg7
9. Na3 a6 10. h4 Qe7 11. h5 cxd4 12. cxd4 Qb4+ 13. Qd2 Qxd2+ 14. Bxd2 Nh6 15.
Bb4 Rc8 16. Kd2 Bf8 17. Bxf8 Kxf8 18. Nc2 Kg7 19. Ne3 Nb8 20. Rag1 Nc6 21. Nf3
Nf5 22. Nxf5+ exf5 23. g4 fxg4 24. Rxg4 Ne7 25. f5 f6 26. fxg6 f5 27. h6+ Kg8
28. gxh7+ 1-0

[Event "9. LGA Premium Cup 2012"]
[Site "Nürnberg"]
[Date "2012.09.08"]
[Round "5.70"]
[White "Martin Fernandez, Rodrigo"]
[Black "Lais, Thomas"]
[Result "1/2-1/2"]
[WhiteElo "2156"]
[BlackElo "1956"]
[PlyCount "81"]
[EventDate "2012.??.??"]
[WhiteTeam "SC Erlangen 48/88 e.V."]
[BlackTeam "SW Nürnberg Süd e.V."]

1. d4 Nf6 2. Nf3 g6 3. e3 d5 4. c4 Bg7 5. Nc3 O-O 6. cxd5 Nxd5 7. Bc4 Nxc3 8.
bxc3 c5 9. O-O Nc6 10. h3 b6 11. Ba3 cxd4 12. cxd4 Bb7 13. Qe2 a6 14. Rac1 b5
15. Bd3 Qd7 16. Rfd1 Rfd8 17. Ng5 Rac8 18. Ne4 Qd5 19. Rc5 Qd7 20. Rg5 Bxd4 21.
Bxb5 axb5 22. Nc5 Qc7 23. Nxb7 Qxb7 24. exd4 Nxd4 25. Qf1 f5 26. Rg3 f4 27.
Rgd3 e5 28. Bb2 Qb6 29. Qe1 Qf6 30. Qe4 Rc4 31. Bxd4 Rcxd4 32. Rxd4 Rxd4 33.
Rxd4 exd4 34. Qd5+ Kg7 35. Qxb5 Qd6 36. Qd3 Qc5 37. Kf1 Qc1+ 38. Ke2 Qb2+ 39.
Qd2 Qb5+ 40. Qd3 Qb2+ 41. Qd2 1/2-1/2

[Event "9. LGA Premium Cup 2012"]
[Site "Nürnberg"]
[Date "2012.09.08"]
[Round "5.71"]
[White "Schubert, Dieter"]
[Black "Radziwill, Gerrit"]
[Result "1-0"]
[WhiteElo "2094"]
[BlackElo "1841"]
[PlyCount "65"]
[EventDate "2012.??.??"]
[WhiteTeam "SV Puschendorf 1949 e.V."]
[BlackTeam "Schach-Union München e.V."]

1. d4 d5 2. c4 e6 3. Nc3 Nf6 4. Bg5 c6 5. cxd5 exd5 6. e3 Nbd7 7. Bd3 Bd6 8.
Qc2 Qc7 9. Nf3 O-O 10. Bh4 h6 11. Bg3 a6 12. Nh4 Bxg3 13. hxg3 Ng4 14. Nxd5
Qa5+ 15. Nc3 c5 16. O-O cxd4 17. exd4 Ndf6 18. Rfe1 Bd7 19. Ne4 Nd5 20. Qc5
Qxc5 21. dxc5 Nb4 22. Bb1 Rfe8 23. a3 Nc6 24. Ba2 Be6 25. Nd6 Rf8 26. Rxe6 fxe6
27. Bxe6+ Kh7 28. Bxg4 Ne5 29. Bf5+ g6 30. Be4 Rf6 31. Nxb7 Rb8 32. b4 Kg7 33.
Nd6 1-0

[Event "9. LGA Premium Cup 2012"]
[Site "Nürnberg"]
[Date "2012.09.08"]
[Round "5.72"]
[White "Ortpaul, Mario"]
[Black "Göttle, Artur"]
[Result "1-0"]
[WhiteElo "1947"]
[BlackElo "2075"]
[PlyCount "63"]
[EventDate "2012.??.??"]
[WhiteTeam "Schachklub Werther 1949 e.V."]
[BlackTeam "SC Dillingen"]

1. e4 c6 2. d4 d5 3. exd5 cxd5 4. Bd3 Nc6 5. c3 Nf6 6. Bf4 Bg4 7. Qb3 Qd7 8.
Nd2 e6 9. Ngf3 Bxf3 10. Nxf3 Be7 11. O-O O-O 12. Rfe1 Nh5 13. Bd2 Bd6 14. Ne5
Qc7 15. Qc2 Nxe5 16. dxe5 Bxe5 17. Bxh7+ Kh8 18. Re3 f5 19. Rh3 Kxh7 20. Rxh5+
Kg6 21. Rg5+ Kf7 22. h4 Rh8 23. g4 Rxh4 24. gxf5 Bf6 25. fxe6+ Ke7 26. Rxg7+
Bxg7 27. Bg5+ Bf6 28. Bxh4 Bxh4 29. Qh7+ Kd6 30. Qxh4 Rg8+ 31. Kf1 Qc6 32. Qf4+
1-0

[Event "9. LGA Premium Cup 2012"]
[Site "Nürnberg"]
[Date "2012.09.08"]
[Round "5.75"]
[White "Siegel, Adrian"]
[Black "Schäfer, Annabelle"]
[Result "1-0"]
[WhiteElo "2015"]
[BlackElo "1904"]
[PlyCount "91"]
[EventDate "2012.??.??"]
[WhiteTeam "SUI"]
[BlackTeam "Sfr.1891 Friedberg"]

1. d4 d5 2. Nf3 Nf6 3. c3 c6 4. Bg5 Bf5 5. Nbd2 Qb6 6. Qb3 Nbd7 7. e3 e6 8. Be2
Bd6 9. O-O h6 10. Bh4 g5 11. Bg3 Bxg3 12. hxg3 Qc7 13. c4 h5 14. Nxg5 h4 15.
gxh4 Rxh4 16. f4 Nh7 17. Ndf3 Rh6 18. cxd5 exd5 19. Bd3 Bxd3 20. Qxd3 Nhf8 21.
Kf2 f6 22. Nh3 O-O-O 23. Rh1 Nb6 24. b3 Qg7 25. Qf5+ Kb8 26. g4 Nc8 27. g5 fxg5
28. Nhxg5 Rxh1 29. Rxh1 Nd6 30. Qd3 Re8 31. Ne5 Re7 32. a4 Qf6 33. Qe2 Rg7 34.
Ke1 Qf5 35. Qd3 Ne4 36. Rh8 Rxg5 37. Rxf8+ Qxf8 38. Nd7+ Kc7 39. Nxf8 Rg1+ 40.
Ke2 Rg2+ 41. Kf1 Rd2 42. Qb1 Rxd4 43. Kg2 Rd2+ 44. Kh3 Rd3 45. Qe1 d4 46. Qa5+
1-0